000
00199nam a22000857a 4500
008
170208b xxu||||| |||| 00| 0 eng d
100
_9
2811
_a
Dixon.W.P.
245
_a
The Hardy Boys
260
_a
London
_c
1991
999
_c
6026
_d
6026